Binyıl kalkınma hedefleri ve yoksul odaklı büyüme / (Record no. 200437736)
[ view plain ]
| 000 -LEADER | |
|---|---|
| fixed length control field | 00982cam a2200313 i 4500 |
| 001 - CONTROL NUMBER | |
| control field | 200437736 |
| 003 - CONTROL NUMBER IDENTIFIER | |
| control field | TR-AnTOB |
| 005 - DATE AND TIME OF LATEST TRANSACTION | |
| control field | 20241108163651.0 |
| 007 - PHYSICAL DESCRIPTION FIXED FIELD--GENERAL INFORMATION | |
| fixed length control field | ta |
| 008 - FIXED-LENGTH DATA ELEMENTS--GENERAL INFORMATION | |
| fixed length control field | 160927s2015 tu tur |
| 020 ## - INTERNATIONAL STANDARD BOOK NUMBER | |
| International Standard Book Number | 9786053443247 |
| 040 ## - CATALOGING SOURCE | |
| Original cataloging agency | TR-AnTOB |
| Language of cataloging | eng |
| Transcribing agency | TR-AnTOB |
| Description conventions | rda |
| 041 0# - LANGUAGE CODE | |
| Language code of text/sound track or separate title | Türkçe |
| 050 ## - LIBRARY OF CONGRESS CALL NUMBER | |
| Classification number | HD85 |
| 090 ## - LOCALLY ASSIGNED LC-TYPE CALL NUMBER (OCLC); LOCAL CALL NUMBER (RLIN) | |
| Classification number (OCLC) (R) ; Classification number, CALL (RLIN) (NR) | HD85 |
| Local cutter number (OCLC) ; Book number/undivided call number, CALL (RLIN) | .H3557 2015 |
| 100 ## - MAIN ENTRY--PERSONAL NAME | |
| Personal name | Halisçelik, Ergül |
| 9 (RLIN) | 128168 |
| 245 1# - TITLE STATEMENT | |
| Title | Binyıl kalkınma hedefleri ve yoksul odaklı büyüme / |
| Statement of responsibility, etc. | Dr. Ergül Halisçelik. |
| 264 #1 - PRODUCTION, PUBLICATION, DISTRIBUTION, MANUFACTURE, AND COPYRIGHT NOTICE | |
| Place of production, publication, distribution, manufacture | Ankara: |
| Name of producer, publisher, distributor, manufacturer | Gazi Kitabevi, |
| Date of production, publication, distribution, manufacture, or copyright notice | 2015. |
| 300 ## - PHYSICAL DESCRIPTION | |
| Extent | xxxii, 451 pages ; |
| Other physical details | illustrations, |
| Dimensions | 24 cm |
| 336 ## - CONTENT TYPE | |
| Source | rdacontent |
| Content type term | text |
| Content type code | txt |
| 337 ## - MEDIA TYPE | |
| Source | rdamedia |
| Media type term | unmediated |
| Media type code | n |
| 338 ## - CARRIER TYPE | |
| Source | rdacarrier |
| Carrier type term | volume |
| Carrier type code | nc |
| 504 ## - BIBLIOGRAPHY, ETC. NOTE | |
| Bibliography, etc. note | |
| 590 ## - LOCAL NOTE (RLIN) | |
| Local note | Donated by Serdar Sayan. |
| 650 #7 - SUBJECT ADDED ENTRY--TOPICAL TERM | |
| Topical term or geographic name entry element | Ekonomik kalkınma |
| 9 (RLIN) | 9621 |
| Source of heading or term | etuturkob |
| 651 #7 - SUBJECT ADDED ENTRY--GEOGRAPHIC NAME | |
| Geographic name | Türkiye |
| General subdivision | Ekonomi politikası |
| 9 (RLIN) | 11070 |
| 942 ## - ADDED ENTRY ELEMENTS (KOHA) | |
| Source of classification or shelving scheme | Library of Congress Classification |
| Koha item type | Book |
| Withdrawn status | Lost status | Source of classification or shelving scheme | Damaged status | Not for loan | Collection code | Home library | Current library | Shelving location | Date acquired | Source of acquisition | Inventory number | Total Checkouts | Full call number | Barcode | Date last seen | Date shelved | Koha item type | Public note |
|---|---|---|---|---|---|---|---|---|---|---|---|---|---|---|---|---|---|---|
| Library of Congress Classification | Kullanılmış / Used | Ödünç Verilebilir / Available | Genel Koleksiyon | Merkez Kütüphane | Merkez Kütüphane | Genel Koleksiyon / Main Collection | 10/04/2019 | Bağış / Donation | İKT | HD85 .H3557 2015 | 0061879 | 26/01/2020 | 10/07/2020 | Book | Donated by Serdar Sayan. |
